00390nam a2200133 a 4500008004100000020001500041050001500056100001500071245007200086260005600158300002000214350000900234650001300243090204s1995 ||||||||||||||||| || u a1853393053 aTD 653 Ree aReed, R. A10aSustainable sewerage: guidelines for community schemes.cR. A. Reed aLondon:bIntermediate Technology Publicationsc1995 axiv, 97p.: ill. a0.00 aSEWERAGE